000
00289nam a2200121Ia 4500
008
241015s9999 xx 000 0 und d
041
_a
eng
082
_a
121 HET
100
_a
Stephen
245
_a
Key Thinking Epistemology
260
_b
Continuum
_a
London
_c
2012
300
_a
253;. P. 22 cm
999
_c
41630
_d
41630